| 000 | 00634cam a22002055a 4500 | ||
|---|---|---|---|
| 001 | L140609 | ||
| 008 | 071001s1890 xxk eng u | ||
| 035 | _a(Sirsi) u140609 | ||
| 041 | 0 | _aeng | |
| 110 | 1 |
_aSurveyors' Institution _93783 |
|
| 245 | 0 | 1 |
_a[Diploma certificate certifying that William John Hippisley was elected a Fellow of the Surveyors' Institution on 14 April 1890] _h[manuscript] |
| 260 | _c1890 | ||
| 300 |
_a1 sheet _c36 x 23 cm. |
||
| 351 | _cSingle item | ||
| 500 | _aItem is mounted on to card. | ||
| 600 | 4 | 1 | _aHippisley, William John |
| 651 | 4 |
_aUnited Kingdom _y |
|
| 690 | _aABOUT RICS | ||
| 942 | _n0 | ||
| 999 |
_c116389 _d116389 |
||